Marketing na hraně zákona
Guerilla marketing a product placement ako marketingové aktivity, ktoré často prekračujú zákon. Pojem guerilla marketing a konkrétne príklady guerillových marketingových akcií z praxe. Riziká guerillových akcií. Posudzovanie guerilla marketingu z pohľadu verejného práva a z pohľadu súkromného práva....
Gespeichert in:
| 1. Verfasser: | |
|---|---|
| Format: | Buchkapitel |
| Sprache: | Tschechisch |
| Schlagworte: | |
| Tags: |
Keine Tags, Fügen Sie das erste Tag hinzu!
|
MARC
| LEADER | 00000naa$a2200000$$$4500 | ||
|---|---|---|---|
| 001 | 0066004 | ||
| 005 | 20231018130714.8 | ||
| 041 | 0 | |a cze | |
| 044 | |a CZ | ||
| 245 | 1 | 0 | |a Marketing na hraně zákona |c Libor Štajer |
| 520 | |a Guerilla marketing a product placement ako marketingové aktivity, ktoré často prekračujú zákon. Pojem guerilla marketing a konkrétne príklady guerillových marketingových akcií z praxe. Riziká guerillových akcií. Posudzovanie guerilla marketingu z pohľadu verejného práva a z pohľadu súkromného práva. Príprava novej európskej smernice "Audiovizuálne mediálne služby bez hraníc", ktorá bude regulovať product placement v praxi. | ||
| 610 | 2 | 0 | |a marketing |
| 610 | 2 | 0 | |a reklama |
| 610 | 2 | 0 | |a propagácia |
| 610 | 2 | 0 | |a legislatíva |
| 610 | 2 | 0 | |a právo |
| 610 | 2 | 0 | |a médiá |
| 610 | 2 | 0 | |a film |
| 610 | 2 | 0 | |a konkurencia |
| 610 | 2 | 0 | |a súťaž nekalá |
| 100 | 1 | |a Štajer, Libor | |